Statistics for First Civilizations in China- Terms

Click here to take the quiz!

General Stats

  • This quiz has been taken 5 times
  • The average score is 2 of 5

Answer Stats

DefinitionTerm% Correct
The Chinese belief that heaven in trust/withdraws the right for a dynasty to ruleThe Mandate of Heaven
100%
Different types of bones were used for divinationOracle Bones
40%
Overthrows the previous dynasty around 1050The Zhou Dynasty
20%
The cycle of changing dynastiesDynastic Cycle
0%
The first Chinese dynasty to leave written recordsThe Shang Dynasty
0%

Score Distribution

Percentile by Number Answered

Percent of People with Each Score

Your Score History

You have not taken this quiz